000 00317nam a22001457a 4500
008 210312b ||||| |||| 00| 0 eng d
020 _a0397582973
041 _aeng
080 _a616
082 _a616
100 _a9
101 _aPAT
245 _aAtlas of Breast Pathology
_cLippincott. J. B
942 _2udc
_cBK
999 _c56574
_d56574